The historical development of the calculus /
Guardado en:
| Autor Principal: | |
|---|---|
| Formato: | Libro |
| Idioma: | English |
| Publicado: |
New York :
Springer-Verlag,
c1979.
|
| Materias: | |
| Etiquetas: |
Agregar Etiqueta
Sin Etiquetas, Sea el primero en etiquetar este registro!
|
| LEADER | 01164cam a2200217 a 4500 | ||
|---|---|---|---|
| 001 | MAT.inmabb006311 | ||
| 008 | 790522s1979####nyua#####b####001#0#eng## | ||
| 005 | 20130215160040.0 | ||
| 245 | 1 | 4 | |a The historical development of the calculus / |c C. H. Edwards, Jr. |
| 260 | |a New York : |b Springer-Verlag, |c c1979. | ||
| 300 | |a xii, 351 p. : |b il. ; |c 25 cm. | ||
| 504 | |a Incluye referencias bibliográficas e índice. | ||
| 505 | 0 | |a 1. Area, number, and limit concepts in antiquity -- 2. Archimedes -- 3. Twilight, darkness, and dawn -- 4. Early indivisibles and infinitesimal techniques -- 5. Early tangent constructions -- 6. Napier's wonderful logarithms -- 7. The arithmetic of the infinite -- 8. The calculus according to Newton -- 9. The calculus according to Leibniz -- 10. The age of Euler -- 11. The calculus according to Cauchy, Riemann, and Weierstrass -- 12. Postscript: the twentieth century | |
| 510 | 4 | |a MR, |c 81c:01003 | |
| 020 | |a 0387904360 | ||
| 100 | 1 | |a Edwards, C. H. |q (Charles Henry), |d 1937- | |
| 650 | 0 | |a Calculus |x History. | |
| 084 | |a 01A05 (26-03) |2 msc2000 | ||
| 010 | |a 79015461 | ||
| 040 | |a DLC |c DLC |d DLC | ||
| 859 | |h 01 |i Ed26 |p A-6097 |b BIB. MATEMATICA | ||
